Movies Quiz

Random Movies or Famous Quiz

Follow that line Comedy Movies Quiz Stats

Quiz not verified by Sporcle

Challenge
Share
Tweet
Embed
Score 0/25 Timer 07:00
2 Plays Today
% Correct
What she's having.
92.9%
'Here's McLovin, a 25 year-old Hawaiian organ donor.
92.9%
This is the War Room!
90.3%
They hate cinnamon.
88.8%
It’s in the hole! It’s in the hole! It’s in the hole!
85.1%
And turned him into a horny toad.
78.9%
They used to pull the hog out, and they used to eat it. You’re hypocrites, all of you!
77.9%
I'm a locksmith, and I'm a locksmith.
76.2%
I mean, that's just like the rules of feminism!
74.9%
I'm my own best friend.
74.8%
Call it pure being.
71.5%
Our pets' heads are fallin' off!
69.5%
And would have conclusions written on it that you could jump to.
68.9%
% Correct
Is no basis for a system of government!
62.6%
Listen to what I say!
60.8%
I looked within the soul of the boy sitting next to me.
58.8%
I never learned to read!
58%
What are you, a bunch of f@%*ing crybabies?
55.9%
I'm a schizophrenic and so am I.
55.8%
'Cause I don't want no scrubs.
51.3%
Not, you know, for the earth.
50.7%
I don't like you anymore.
46.9%
Why, I make more money than- than, than Calvin Coolidge! Put together!
42.9%
Have you noticed you're sitting on a fire truck?
31.5%
I guess we have a lot to ponder.
29.5%

You're not logged in!

Compare scores with friends on all Sporcle quizzes.
Sign Up with Email
OR
Log In

You Might Also Like...

Show Comments

Extras

Top Quizzes Today


Score Distribution

Your Account Isn't Verified!

In order to create a playlist on Sporcle, you need to verify the email address you used during registration. Go to your Sporcle Settings to finish the process.

Report this User

Report this user for behavior that violates our Community Guidelines.

Details: